[Event "Wiesbaden"]
[Site "Wiesbaden"]
[Date "1981.??.??"]
[Round "?"]
[White "Zichichi, Alvise"]
[Black "Chandler, Murray G"]
[Result "0-1"]
[WhiteElo "2395"]
[BlackElo "2530"]

1.Nf3 Nf6 2.c4 c5 3.Nc3 e6 4.g3 d5 5.cxd5 Nxd5 6.Bg2 Nc6 7.O-O Be7 8.d4 O-O
9.e4 Ndb4 10.a3 cxd4 11.axb4 dxc3 12.bxc3 b6 13.Qa4 Qc7 14.Ba3 Bb7 15.Rfd1 Rfd8
16.c4 a5 17.b5 Nb4 18.Bxb4 Bxb4 19.Qc2 Rac8 20.Rxd8+ Rxd8 21.Qe2 h6 22.h4 Rd7
23.Ra2 Qd6 24.Bf1 Qd1 25.Ne5 Qxe2 26.Bxe2 Rc7 27.Bd3 Bc3 28.Nc6 Bxc6 29.bxc6 Rxc6
30.Kf1 Kf8 31.f4 Ke7 32.e5 h5 33.Ke2 Rc7 34.Ke3 g6 35.Be2 Kd7 36.Ra3 Bb4
37.Ra1 Kc6 38.g4 hxg4 39.Bxg4 Kc5 40.Be2 Ra7 41.Ra4 Rd7 42.Ra2 Be1 43.Rb2 Bxh4
44.Rb5+ Kc6 45.Bf3+ Kc7 46.c5 bxc5 47.Rxa5 Kb6 48.Ra8 c4 49.Rc8 Rd3+ 50.Ke2 Kb5
51.Bc6+ Kb4 52.Be8 g5 53.fxg5 Rd5 54.Bxf7 Rxe5+ 55.Kf3 Bxg5 56.Kg4 Bd2 57.Rc6 c3
58.Bxe6 Rxe6 59.Rxe6 c2 60.Rb6+ Kc5 61.Rb8 Bc3  0-1

[Event "Yerevan"]
[Site "Yerevan"]
[Date "1981.??.??"]
[Round "2"]
[White "Dementiev, Oleg I"]
[Black "Gofshtein, Leonid D"]
[Result "1/2-1/2"]
[WhiteElo "2490"]
[BlackElo "2415"]

1.Nf3 Nf6 2.c4 c5 3.Nc3 e6 4.g3 b6 5.Bg2 Bb7 6.O-O Be7 7.Re1 d5 8.cxd5 Nxd5
9.d4 Nxc3 10.bxc3 Be4 11.Ne5 Bxg2 12.Kxg2 O-O 13.e4 Qc7 14.Bf4 Bd6 15.Qf3 Nc6  1/2-1/2

[Event "Yerevan"]
[Site "Yerevan"]
[Date "1981.??.??"]
[Round "6"]
[White "Klovsky, Rafail"]
[Black "Gofshtein, Leonid D"]
[Result "1/2-1/2"]
[WhiteElo "2200"]
[BlackElo "2415"]

1.Nf3 Nf6 2.c4 c5 3.Nc3 e6 4.g3 d5 5.cxd5 Nxd5 6.Bg2 Be7 7.O-O O-O 8.d4 Nc6
9.e4 Nb6 10.dxc5 Bxc5 11.e5 Qxd1 12.Rxd1 Nc4 13.Ne4 Be7 14.b3 N4xe5 15.Nxe5 Nxe5
16.Bb2 Nc6 17.Rac1 Rd8 18.Rxd8+ Bxd8 19.Nd6 Bb6 20.Nxb7 Bxb7 21.Bxc6 Bxc6
22.Rxc6  1/2-1/2

[Event "DDR-POL"]
[Site "Zinnowitz"]
[Date "1981.??.??"]
[Round "?"]
[White "Espig, Lutz"]
[Black "Kuligowski, Adam"]
[Result "1/2-1/2"]
[WhiteElo "2485"]
[BlackElo "2405"]

1.Nf3 c5 2.c4 Nf6 3.Nc3 d5 4.cxd5 Nxd5 5.g3 g6 6.Bg2 Bg7 7.O-O O-O 8.d4 Nxc3
9.bxc3 Nc6 10.e3 cxd4 11.cxd4 Be6 12.Qe2 Rc8 13.Rd1 Qa5 14.Bd2 Qa4 15.Qe1 Rc7
16.Ng5 Bc4 17.Ne4 b6 18.Rdc1 Rd8 19.Nc3 Qa6 20.a4 Rcc8 21.Rab1 e6 22.Nd1 Bd5  1/2-1/2

[Event "DDR-POL"]
[Site "Zinnowitz"]
[Date "1981.??.??"]
[Round "?"]
[White "Uhlmann, Wolfgang"]
[Black "Kuligowski, Adam"]
[Result "0-1"]
[WhiteElo "2510"]
[BlackElo "2405"]

1.c4 c5 2.Nf3 Nf6 3.Nc3 e6 4.g3 b6 5.Bg2 Bb7 6.d4 cxd4 7.Qxd4 d6 8.O-O Be7
9.e4 Nbd7 10.b3 O-O 11.Qe3 a6 12.Nd4 Qc7 13.Bb2 Rfe8 14.h3 Rad8 15.Rfe1 Qb8
16.Re2 h6 17.Rae1 Nh7 18.Qd2 Bg5 19.Qd1 Bf6 20.Rd2 Bg5 21.f4 Be7 22.a3 Qa8
23.Qe2 Bf6 24.b4 Nhf8 25.Nc2 Be7 26.Red1 Rc8 27.Ne3 Rc7 28.Kh2 Rec8 29.Rxd6 Bxd6
30.Rxd6 Qb8 31.Qd2 Ba8 32.Qd4 f6 33.Qd2 Re8 34.Ne2 Rcc8 35.Bf3 Qc7 36.Kg2 Red8
37.Ng1 Nb8 38.e5 Bxf3+ 39.Nxf3 Rxd6 40.exd6 Qc6 41.f5 Rd8 42.fxe6 Nxe6 43.Nf5 Qxc4
44.g4 Nd7 45.Kg3 Kf7 46.Qe3 Qd5 47.h4 h5 48.Bxf6 Kxf6 49.Qc3+ Ne5  0-1

[Event "Amsterdam"]
[Site "Amsterdam"]
[Date "1982.??.??"]
[Round "1"]
[White "Iskov, Gert"]
[Black "Van der Sterren, Paul"]
[Result "0-1"]
[WhiteElo "2345"]
[BlackElo "2465"]

1.Nf3 Nf6 2.c4 c5 3.Nc3 e6 4.d4 cxd4 5.Nxd4 Bb4 6.g3 O-O 7.Bg2 d5 8.cxd5 Nxd5
9.Bd2 Bxc3 10.bxc3 e5 11.Nb3 Nc6 12.O-O Nde7 13.c4 Qc7 14.Rc1 Rd8 15.Qe1 Bf5
16.f4 exf4 17.Bxf4 Qc8 18.Nc5 b6 19.Ne4 Bh3 20.Bxh3 Qxh3 21.Qf2 f6 22.c5 Qe6
23.Nc3 bxc5 24.Qxc5 Ng6 25.Nd5 Rxd5 26.Qxc6 Qxc6 27.Rxc6 Re8 28.e3 Re7 29.Rfc1 Nxf4
30.exf4 Rd2 31.R1c2 Re1+  0-1

[Event "Amsterdam"]
[Site "Amsterdam"]
[Date "1982.??.??"]
[Round "8"]
[White "Van Baarle, C John"]
[Black "King, Daniel J"]
[Result "0-1"]
[WhiteElo "2315"]
[BlackElo "2430"]

1.c4 c5 2.Nc3 Nf6 3.Nf3 e6 4.e3 d5 5.d4 Nc6 6.a3 Be7 7.dxc5 Bxc5 8.b4 Bd6
9.cxd5 exd5 10.Nb5 Bb8 11.Nbd4 Bg4 12.Be2 O-O 13.Bb2 Re8 14.Rc1 Ne7 15.O-O Nc8
16.Qc2 Nd6 17.Rfd1 Nde4 18.Nb5 Qe7 19.Nc7 Rc8 20.Bxf6 Nxf6 21.Nxa8 Rxc2 22.Rxc2 g6
23.Rdc1 Bf5 24.Rc8+ Bxc8 25.Rxc8+ Kg7 26.Rxb8 Ne4 27.Rc8 Qf6 28.Rc2 Qa1+
29.Bf1 Qd1 30.Rc7 Qb1 31.Re7 Qc2 32.Bb5 Qxf2+ 33.Kh1 Qxe3 34.Rxe4 dxe4 35.Ng1 Qc3
36.Bd7 Qd4 37.Bg4 Qd6 38.a4 Qb8  0-1

[Event "Bagneux"]
[Site "Bagneux"]
[Date "1982.??.??"]
[Round "?"]
[White "Ghitescu, Theodor"]
[Black "Kouatly, Bachar"]
[Result "1-0"]
[WhiteElo "2425"]
[BlackElo "2435"]

1.c4 Nf6 2.Nc3 c5 3.Nf3 g6 4.e4 Nc6 5.d4 cxd4 6.Nxd4 Bg7 7.Be3 O-O 8.Be2 b6
9.O-O Bb7 10.Nxc6 dxc6 11.e5 Nd7 12.f4 Qc7 13.Qc2 Rfe8 14.Rad1 f6 15.e6 Nf8
16.f5 gxf5 17.Bh5 Ng6 18.Bxg6 hxg6 19.Bf4 Qc8 20.Rd7 Ba6 21.Qe2 g5 22.Bc7 Rf8
23.Rxe7 Re8 24.Rd7 Rf8 25.Rfd1 Qe8 26.e7 Rf7 27.Rd8  1-0

[Event "Baile Herculane zt"]
[Site "Baile Herculane"]
[Date "1982.??.??"]
[Round "1"]
[White "Spiridonov, Nikola"]
[Black "Pinter, Jozsef"]
[Result "0-1"]
[WhiteElo "2440"]
[BlackElo "2520"]

1.c4 Nf6 2.Nf3 c5 3.Nc3 d5 4.cxd5 Nxd5 5.g3 Nc6 6.Bg2 Nc7 7.d3 e5 8.Nd2 Bd7
9.O-O Be7 10.Nc4 f6 11.f4 b5 12.Ne3 exf4 13.gxf4 O-O 14.Ned5 Rb8 15.Nxc7 Qxc7
16.Be3 Be6 17.Rc1 Rfd8 18.b3 f5 19.Qe1 Qd7 20.Qf2 Nd4 21.Nb1 Rbc8 22.Nd2 Bf6
23.Nf3 Qd6 24.Kh1 a5 25.Rfd1 h6 26.Rd2 b4 27.Rdd1 a4 28.Bxd4 cxd4 29.Nd2 Rc3
30.Nc4 Qc7 31.bxa4 Bxc4 32.dxc4 Qxc4 33.Rb1 Re8 34.Bf3 Rc2 35.Qg2 Kh8 36.a5 Qxa2
37.Qg6 Rexe2 38.Bxe2 Rxe2 39.Qg3 Qd5+ 40.Kg1 Bh4 41.Qh3 Bf2+ 42.Kf1 Rc2  0-1

[Event "Baile Herculane zt"]
[Site "Baile Herculane"]
[Date "1982.??.??"]
[Round "1"]
[White "Gheorghiu, Florin"]
[Black "Lukacs, Peter"]
[Result "0-1"]
[WhiteElo "2550"]
[BlackElo "2470"]

1.c4 c5 2.Nf3 Nf6 3.Nc3 e6 4.d4 cxd4 5.Nxd4 Bb4 6.g3 O-O 7.Bg2 d5 8.Qb3 Bxc3+
9.Qxc3 e5 10.Nb5 a6 11.Na3 d4 12.Qd2 Nc6 13.O-O Bf5 14.b3 Qd7 15.Rd1 Ne4
16.Qe1 Nc3 17.Rd2 b5 18.Bb2 b4 19.Nc2 Bxc2 20.Rxc2 Rad8 21.a3 a5 22.axb4 axb4
23.Rd2 e4 24.Kh1 Qf5 25.f4 Na5 26.g4 Qc5 27.e3 d3 28.Rxa5 Qxa5 29.h3 Rfe8
30.Kh2 Rd7 31.g5 Rdd8 32.h4 Qc5 33.Bf1 Ra8 34.h5 Ra6 35.Rg2 Rd8 36.h6 gxh6
37.Qh4 Rg6 38.gxh6 Re8 39.Rxg6+ fxg6 40.Qf6 Qf8 41.Bxc3 bxc3 42.Qxc3 Qxh6+
43.Bh3 g5 44.Qd4 g4 45.Qd5+ Kh8 46.Qd4+ Qg7 47.Qxg7+ Kxg7 48.Bxg4 Kf6 49.c5 d2
50.b4 Rb8  0-1

[Event "Baile Herculane zt"]
[Site "Baile Herculane"]
[Date "1982.??.??"]
[Round "4"]
[White "Csom, Istvan"]
[Black "Spiridonov, Nikola"]
[Result "1/2-1/2"]
[WhiteElo "2505"]
[BlackElo "2440"]

1.c4 c5 2.Nf3 Nf6 3.Nc3 b6 4.g3 Bb7 5.Bg2 g6 6.O-O Bg7 7.d3 O-O 8.Bd2 e6
9.Qc1 d5 10.cxd5 Nxd5 11.Bh6 Nd7 12.a3 N7f6 13.Bxg7 Kxg7 14.Rd1 Rc8 15.b3 Re8
16.Qb2 Nxc3 17.Qxc3 Bxf3 18.Bxf3 Qd4 19.Rdc1 Nd5 20.Qd2 a5 21.Ra2 Rcd8 22.Rc4 Qf6
23.Qc1 h6 24.Rac2 Rd6 25.Qb2 Red8 26.Qxf6+ Kxf6 27.Kf1 h5 28.Bxd5 Rxd5 29.Ke1  1/2-1/2

[Event "Baile Herculane zt"]
[Site "Baile Herculane"]
[Date "1982.??.??"]
[Round "6"]
[White "Gheorghiu, Florin"]
[Black "Spiridonov, Nikola"]
[Result "1/2-1/2"]
[WhiteElo "2550"]
[BlackElo "2440"]

1.c4 c5 2.Nf3 Nf6 3.Nc3 b6 4.d4 cxd4 5.Nxd4 Bb7 6.f3 d6 7.e4 g6 8.Be3 Bg7
9.Be2 O-O 10.O-O Nbd7 11.Qd2 Re8 12.Rac1 Rc8 13.Rfd1 Qc7 14.b4 Qb8 15.a3 a6
16.Nb3 Bf8 17.Bf1 e6 18.Qf2 Bc6 19.a4 Ba8 20.Kh1 Ne5 21.Bd4 Nfd7 22.Na2 Bc6  1/2-1/2

[Event "Baile Herculane zt"]
[Site "Baile Herculane"]
[Date "1982.??.??"]
[Round "10"]
[White "Schmidt, Wlodzimierz"]
[Black "Farago, Ivan"]
[Result "1/2-1/2"]
[WhiteElo "2485"]
[BlackElo "2485"]

1.Nf3 Nf6 2.c4 e6 3.Nc3 c5 4.e3 Nc6 5.d4 d5 6.cxd5 Nxd5 7.Bd3 Be7 8.O-O O-O
9.a3 cxd4 10.exd4 Bf6 11.Re1 Bd7 12.Ne4 Bxd4 13.Nxd4 Nxd4 14.Bc4 Qb6 15.Bxd5 exd5
16.Nc3 Ne6 17.Nxd5 Qd8  1/2-1/2

[Event "Baile Herculane zt"]
[Site "Baile Herculane"]
[Date "1982.??.??"]
[Round "11"]
[White "Suba, Mihai"]
[Black "Ftacnik, Lubomir"]
[Result "1/2-1/2"]
[WhiteElo "2500"]
[BlackElo "2560"]

1.c4 Nf6 2.Nc3 c5 3.Nf3 e6 4.g3 b6 5.Bg2 Bb7 6.O-O Be7 7.b3 d6 8.Bb2 O-O
9.d3 a6 10.e4 Nbd7 11.Ne1 Ne8 12.Nc2 Rb8 13.Qd2 Bf6 14.d4 b5 15.cxb5 axb5
16.dxc5 Nxc5 17.Rfe1 Qb6 18.b4 Nd7 19.Ne3 Ne5 20.Ne2 d5 21.Bd4 Qa6 22.exd5 Nd6
23.Rac1 exd5 24.Bxe5 Bxe5 25.Nxd5 Nc4 26.Qc2 Bd6 27.Nec3 Qa8 28.Re4 f5 29.Re6 Bxb4
30.Nxb5 Na3 31.Nxa3 Bxd5 32.Bxd5 Qxd5 33.Qc4 Qxc4 34.Nxc4 Rbc8 35.Re2 f4
36.Rec2 fxg3 37.hxg3 h5 38.Kg2 Rf5 39.Ne3 Rxc2 40.Rxc2 Ra5 41.f4 Be7 42.Kf3 g5
43.Nc4 Ra4 44.fxg5 Bxg5 45.Ke4 h4 46.Kf5 hxg3 47.Kxg5 g2 48.Rxg2 Rxc4 49.Kf6+ Kf8
50.Ke6 Ra4 51.Rh2 Ra6+ 52.Kd7 Ra7+ 53.Kc6 Ra3 54.Re2 Ra8 55.Kb7 Ra3 56.Kb6 Ra8
57.Kb5 Rb8+ 58.Ka5 Ra8+ 59.Kb4 Rb8+ 60.Kc3 Rc8+ 61.Kb2 Rb8+ 62.Ka1 Re8  1/2-1/2

[Event "Baile Herculane zt"]
[Site "Baile Herculane"]
[Date "1982.??.??"]
[Round "18"]
[White "Ftacnik, Lubomir"]
[Black "Pinter, Jozsef"]
[Result "0-1"]
[WhiteElo "2560"]
[BlackElo "2520"]

1.c4 Nf6 2.Nf3 c5 3.Nc3 d5 4.cxd5 Nxd5 5.d4 e6 6.g3 Nc6 7.Bg2 Be7 8.O-O O-O
9.e4 Nxc3 10.bxc3 cxd4 11.cxd4 b6 12.Bb2 Ba6 13.Re1 Nb4 14.Re3 Rc8 15.Ne1 Bc4
16.a3 Nc6 17.Nf3 Bf6 18.Rc1 Na5 19.Bc3 Bb3 20.Qd3 Qd7 21.Ree1 Bc4 22.Qb1 Nb3
23.Rcd1 Rfd8 24.Bb4 a5 25.e5 Be7 26.Bxe7 Qxe7 27.Qb2 b5 28.Re3 a4 29.Ne1 Na5
30.Nc2 Bb3 31.Rxb3 axb3 32.Nb4 Qc7 33.Bf1 Qc3 34.Qe2 b2 35.Qxb5 Nb3 36.Nd3 Rb8
37.Qa4 Nd2  0-1

[Event "Baile Herculane zt"]
[Site "Baile Herculane"]
[Date "1982.??.??"]
[Round "20"]
[White "Schmidt, Wlodzimierz"]
[Black "Pinter, Jozsef"]
[Result "1/2-1/2"]
[WhiteElo "2485"]
[BlackElo "2520"]

1.Nf3 Nf6 2.c4 c5 3.Nc3 d5 4.cxd5 Nxd5 5.e3 e6 6.d4 Nc6 7.Bd3 Be7 8.O-O O-O
9.a3 cxd4 10.exd4 Bf6 11.Re1 Qb6 12.Na4 Qd8 13.Nc3 Qb6  1/2-1/2

[Event "Baile Herculane zt"]
[Site "Baile Herculane"]
[Date "1982.??.??"]
[Round "20"]
[White "Gheorghiu, Florin"]
[Black "Csom, Istvan"]
[Result "1/2-1/2"]
[WhiteElo "2550"]
[BlackElo "2505"]

1.c4 Nf6 2.Nc3 c5 3.Nf3 e6 4.d4 cxd4 5.Nxd4 a6 6.e4 d6 7.Be2 Be7 8.O-O O-O
9.Be3 Qc7 10.Rc1 Nbd7 11.f3 b6 12.Qe1 Bb7 13.Qf2 Qb8 14.Rfd1 Rc8 15.b4 Bd8
16.a3 d5 17.cxd5 exd5 18.Nxd5 Nxd5 19.Rxc8 Qxc8 20.exd5 Bxd5 21.Rc1 Qb8 22.Qg3 Qxg3
23.hxg3 b5 24.Nc6 Bf6 25.Bd4 Bxd4+ 26.Nxd4 Nb6 27.Rc7 Kf8 28.Kf2 g6 29.g4 h6
30.Nc2 Rc8 31.Rxc8+ Nxc8 32.Ke3 Ke7 33.Kd4 Kd6 34.Ne3 Bb7 35.Bd1 Ne7 36.Bb3 f6
37.f4 Nc6+ 38.Kc3 Ne7 39.g3 Bf3 40.Bf7 Bc6 41.Kd4 Bb7 42.Kc3 Bc6  1/2-1/2

[Event "Beersheba"]
[Site "Beersheba"]
[Date "1982.??.??"]
[Round "9"]
[White "Reshevsky, Samuel Herman"]
[Black "Pasman, Michael"]
[Result "1/2-1/2"]
[WhiteElo "2500"]
[BlackElo "2310"]

1.c4 Nf6 2.Nc3 c5 3.Nf3 e6 4.g3 b6 5.Bg2 Bb7 6.d4 cxd4 7.Qxd4 Be7 8.O-O d6
9.b3 O-O 10.Rd1 Nbd7 11.Bb2 a6 12.Qe3 Qc7 13.Nd4 Bxg2 14.Kxg2 Rfe8 15.Rac1 Bf8
16.Kg1 Rac8 17.Ne4 Nxe4 18.Qxe4 Qb8 19.b4 Rc7 20.Rc2  1/2-1/2

[Event "DSV-Turnier"]
[Site "Berlin-Ost"]
[Date "1982.??.??"]
[Round "12"]
[White "Vera, Reynaldo"]
[Black "Boensch, Uwe"]
[Result "1/2-1/2"]
[WhiteElo "2410"]
[BlackElo "2450"]

1.c4 c5 2.Nf3 Nf6 3.Nc3 e6 4.g3 b6 5.Bg2 Bb7 6.O-O Be7 7.d4 cxd4 8.Qxd4 d6
9.Rd1 a6 10.b3 Nbd7 11.e4 O-O 12.Ba3 Nc5 13.e5 dxe5 14.Qxd8 Rfxd8 15.Nxe5 Bxg2
16.Kxg2 Rdc8 17.Na4 Rab8 18.Bxc5 bxc5 19.Rd3 Kf8 20.Rad1 Ke8 21.f4 Rc7 22.g4 Rbb7
23.Kf3 Nd7 24.Re3 g6 25.Rdd3 Nb6 26.Nxb6 Rxb6 27.g5 f6 28.gxf6 Bxf6  1/2-1/2

[Event "Elekes mem-B"]
[Site "Budapest"]
[Date "1982.??.??"]
[Round "?"]
[White "Hardicsay, Peter"]
[Black "Vegh, Endre"]
[Result "1/2-1/2"]
[WhiteElo "2375"]
[BlackElo "2225"]

1.c4 c5 2.Nf3 Nf6 3.Nc3 e6 4.g3 b6 5.Bg2 Bb7 6.O-O Be7 7.d4 cxd4 8.Qxd4 d6
9.Rd1 a6 10.Ng5 Bxg2 11.Kxg2 Nc6 12.Qf4 Ra7 13.Nge4 Rd7 14.b3  1/2-1/2

[Event "Elekes mem-B"]
[Site "Budapest"]
[Date "1982.??.??"]
[Round "?"]
[White "Votruba, Pavel"]
[Black "Schneider, Attila"]
[Result "1-0"]
[WhiteElo "2320"]
[BlackElo "2365"]

1.Nf3 c5 2.c4 Nf6 3.Nc3 e6 4.e3 d5 5.d4 Nc6 6.a3 Bd6 7.dxc5 Bxc5 8.b4 Bd6
9.Bb2 O-O 10.cxd5 exd5 11.Nb5 Bb8 12.Nbd4 Ne7 13.g3 Ne4 14.Bg2 Ng6 15.O-O Re8
16.Qb3 h5 17.Rad1 h4 18.Ne2 hxg3 19.hxg3 Be6 20.Nf4 Nxf4 21.exf4 f6 22.Nd2 Qe7
23.Qd3 f5 24.Nb3 Bc7 25.Nd4 Rad8 26.Bf3 Qf7 27.Kg2 Rd7 28.Rh1 Bd8 29.Rh3 Bf6
30.Rdh1 Kf8 31.Rh7 Bxd4 32.Bxd4 Nf6 33.Bc5+ Ree7 34.Rh8+ Ng8 35.Bh5 g6 36.Bf3 Ke8
37.Qd4 Qf8 38.Bxa7 Qg7 39.Qxg7 Rxg7 40.Bd4 Rge7 41.Rc1 Rc7 42.Rxc7 Rxc7 43.Bc5 b5
44.Be2 Rb7 45.Kf3 Bf7 46.Ke3 Kd7 47.Kd4 Ke6 48.Rh1 Nf6 49.Re1 Kd7 50.f3 Kc6
51.a4  1-0

[Event "Elekes mem-B"]
[Site "Budapest"]
[Date "1982.??.??"]
[Round "?"]
[White "Boensch, Uwe"]
[Black "Riha, Vaclav"]
[Result "1-0"]
[WhiteElo "2410"]
[BlackElo "2285"]

1.c4 c5 2.Nf3 Nf6 3.Nc3 e6 4.g3 b6 5.Bg2 Bb7 6.O-O Be7 7.Re1 O-O 8.e4 d6
9.d4 cxd4 10.Nxd4 Qc7 11.b3 a6 12.Bb2 Re8 13.g4 g6 14.g5 Nh5 15.Qd2 Nc6 16.Nde2 Qd8
17.f4 b5 18.cxb5 axb5 19.Ng3 Nxg3 20.hxg3 f6 21.Kh1 fxg5 22.f5 b4 23.Nd5 Ne5
24.fxe6 g4 25.Rf1 Bg5 26.Qxb4 Rb8 27.e7 Bxe7 28.Nxe7+ Qxe7 29.Qd4 h5 30.Rf4 Rbd8
31.Raf1 Qh7 32.Kg1 h4 33.gxh4 Qxh4 34.Bc3 g5 35.Be1 Qh8 36.Rf6 Rd7 37.Bg3 Rf7
38.Bxe5 dxe5 39.Qc4  1-0

[Event "Elekes mem-B"]
[Site "Budapest"]
[Date "1982.??.??"]
[Round "?"]
[White "Votruba, Pavel"]
[Black "Navarovszky, Laszlo"]
[Result "1/2-1/2"]
[WhiteElo "2320"]
[BlackElo "2360"]

1.Nf3 Nf6 2.c4 c5 3.Nc3 b6 4.g3 Bb7 5.Bg2 e6 6.O-O Be7 7.d4 cxd4 8.Qxd4 d6
9.Rd1 a6 10.e4 Qc7 11.b3 Nbd7 12.Ba3 Nc5 13.e5 dxe5 14.Qxe5 Rc8 15.Qxc7 Rxc7
16.Bc1 Ncd7 17.Bf4 Rc8 18.a4 h6 19.Ne5 Bxg2 20.Kxg2 Nxe5 21.Bxe5 O-O 22.a5 Rc6
23.h3 Rfc8 24.Rd3 bxa5 25.Rxa5 Rb6 26.Na4 Rbc6 27.Nc3 Rb6 28.Na4 Rbc6  1/2-1/2

[Event "HUN-ch"]
[Site "Budapest"]
[Date "1982.??.??"]
[Round "?"]
[White "Sinkovics, Peter"]
[Black "Lovass, Imre"]
[Result "1/2-1/2"]
[WhiteElo "2270"]
[BlackElo "2310"]

1.Nf3 c5 2.c4 Nf6 3.Nc3 e6 4.g3 b6 5.Bg2 Bb7 6.O-O Be7 7.Re1 d6 8.d4 cxd4
9.Nxd4 Bxg2 10.Kxg2 O-O 11.e4 Qc7 12.b3 a6 13.Bb2 Nbd7 14.Rc1 Rfe8 15.h4 h6
16.g4 Nh7 17.Rh1 Ne5 18.h5 Bg5 19.Rc2 Nf6 20.f3 g6 21.Bc1 Bxc1 22.Qxc1 g5
23.Rd1 Red8 24.Qe3 Rab8 25.Rdc1 Rdc8 26.Kh3 Kg7 27.Rg1 Rg8 28.Rgc1 Rgc8  1/2-1/2

[Event "Elekes mem-B"]
[Site "Budapest"]
[Date "1982.??.??"]
[Round "?"]
[White "Boensch, Uwe"]
[Black "Horvath, Gyula"]
[Result "1/2-1/2"]
[WhiteElo "2410"]
[BlackElo "2385"]

1.c4 c5 2.Nf3 Nf6 3.Nc3 d5 4.cxd5 Nxd5 5.g3 Nc6 6.Bg2 Nc7 7.O-O e5 8.d3 Be7
9.b3 O-O 10.Bb2 Bg4 11.Rc1 Ne6 12.Ne4 f6 13.a3 Rc8 14.h3 Bh5 15.g4 Bf7 16.e3 Qb6
17.Nfd2 Rfd8 18.Qc2 Rd7 19.Rfd1 a5 20.Nc4 Qd8 21.Bf1  1/2-1/2

[Event "Budapest"]
[Site "Budapest"]
[Date "1982.??.??"]
[Round "1"]
[White "Uhlmann, Wolfgang"]
[Black "Petran, Pal"]
[Result "1-0"]
[WhiteElo "2515"]
[BlackElo "2410"]

1.c4 Nf6 2.Nc3 c5 3.Nf3 e6 4.g3 b6 5.Bg2 Bb7 6.d4 cxd4 7.Qxd4 d6 8.O-O Be7
9.e4 O-O 10.Qe3 Nbd7 11.Nd4 Qc7 12.b3 a6 13.Bb2 Rfe8 14.Rfe1 Bf8 15.h3 Rad8
16.Re2 g6 17.Rd1 Qb8 18.Qc1 Nc5 19.Nc2 Qa8 20.Qf4 Nh5 21.Qd2 f5 22.g4 fxg4
23.hxg4 Nf6 24.f3 Ncd7 25.Qg5 Be7 26.Qe3 Qb8 27.Kh1 Qc7 28.Red2 d5 29.exd5 exd5
30.Nxd5 Bxd5 31.cxd5 Bb4 32.d6 Qc8 33.Qf4 Bxd2 34.Rxd2 Re6 35.Bh3 Rde8 36.g5 Re1+
37.Nxe1 Rxe1+ 38.Kh2 Nh5 39.Qd4 Kf7 40.Bg4 Qe8 41.Rf2 Ne5 42.d7 Qb8 43.Qd5+ Ke7
44.Ba3+  1-0

[Event "Budapest"]
[Site "Budapest"]
[Date "1982.??.??"]
[Round "10"]
[White "Uhlmann, Wolfgang"]
[Black "Zsinka, Laszlo"]
[Result "1-0"]
[WhiteElo "2515"]
[BlackElo "2335"]

1.c4 c5 2.Nf3 Nf6 3.Nc3 e6 4.e4 d6 5.d4 cxd4 6.Nxd4 Be7 7.Be2 O-O 8.O-O a6
9.Be3 Qc7 10.Qd2 b6 11.Rac1 Bb7 12.f3 Nbd7 13.Rfd1 Rfe8 14.Bf1 Rac8 15.Qf2 Qb8
16.Kh1 Ba8 17.Rc2 Ne5 18.b3 h6 19.Qg3 g5 20.f4 Nh5 21.Qh3 gxf4 22.Qxh5 fxe3
23.Qxh6 d5 24.exd5 Ng4 25.Qh5 Qf4 26.dxe6 Nf2+ 27.Rxf2 exf2 28.Nf5  1-0

[Event "ARG-ch sf"]
[Site "Buenos Aires"]
[Date "1982.??.??"]
[Round "?"]
[White "Tempone, Marcelo"]
[Black "Grinberg, Ricardo"]
[Result "1-0"]
[WhiteElo "2335"]
[BlackElo "2390"]

1.Nf3 Nf6 2.c4 c5 3.Nc3 e6 4.g3 b6 5.Bg2 Bb7 6.O-O Be7 7.Re1 a6 8.e4 d6 9.d4 cxd4
10.Nxd4 Qc7 11.Be3 O-O 12.Rc1 Nbd7 13.f4 Rfe8 14.f5 Nf8 15.g4 N6d7 16.g5 Ne5
17.b3 Bc8 18.Rf1 Bd7 19.Qh5 Bd8 20.Rc2 Rb8 21.Rcf2 Qa7 22.fxe6 Bxe6 23.Nxe6 g6
24.Qh6 Nxe6 25.Bh3 Qe7 26.Nd5 Qf8 27.Qh4 b5 28.cxb5 axb5 29.Bxe6 Rxe6 30.Qh3 Qe8
31.Bd4 Rb7 32.Rc2 Bxg5 33.Nc7 Rxc7 34.Rxc7 Be7 35.Rfc1 Bg5 36.Rc8 Bxc1 37.Qxe6 fxe6
38.Rxe8+ Kf7 39.Rc8 Bf4 40.Bxe5 Bxe5 41.Rb8  1-0

[Event "Caorle op"]
[Site "Caorle"]
[Date "1982.??.??"]
[Round "2"]
[White "Djokic, Slavoljub"]
[Black "Dubeck, Michael"]
[Result "1-0"]
[WhiteElo "2000"]
[BlackElo "2200"]

1.c4 Nf6 2.Nc3 c5 3.Nf3 e6 4.g3 b6 5.Bg2 Bb7 6.O-O Be7 7.d3 O-O 8.e4 d6 9.h3 Nbd7
10.a3 a6 11.Rb1 Ra7 12.b4 Qa8 13.Re1 Bd8 14.Bf4 Bc7 15.bxc5 bxc5 16.g4 Ne5
17.Nxe5 dxe5 18.Be3 Nd7 19.Na4 Bc6 20.Nxc5 Nxc5 21.Bxc5 Rd8 22.Bxa7 Qxa7
23.Qc2 Qc5 24.Qb3 a5 25.Bf1 f5 26.exf5 exf5 27.Bg2 Bxg2 28.Kxg2 fxg4 29.hxg4 Rf8
30.Rb2 h5 31.Qb7 Qxa3 32.Qd5+ Rf7 33.Rbe2 hxg4 34.Rxe5 Bxe5 35.Rxe5 Qf8 36.Rf5 a4
37.c5 g6 38.Rf4 Kg7 39.Qd4+ Kg8 40.Rxg4 Rf6 41.Qd5+ Kg7 42.f3 a3 43.Ra4 Qb8
44.Qd7+ Kg8 45.Qd5+ Kg7 46.Qd4 Kf7 47.Rxa3 Rf5 48.f4 Rxf4 49.Ra7+ Ke6 50.Qe3+ Kf6
51.Ra6+ Kg7 52.Rd6 Qb2+ 53.Kg3 Rf7 54.Qd4+ Qxd4 55.Rxd4 Rc7 56.Rd5 Kf6 57.d4  1-0

[Event "Caorle op"]
[Site "Caorle"]
[Date "1982.??.??"]
[Round "8"]
[White "Sulava, Nenad"]
[Black "Maier, Christian"]
[Result "0-1"]
[WhiteElo "2320"]
[BlackElo "2230"]

1.Nf3 Nf6 2.c4 c5 3.Nc3 e6 4.g3 d5 5.cxd5 Nxd5 6.Bg2 Be7 7.O-O Nc6 8.d4 O-O
9.e4 Nxc3 10.bxc3 b6 11.Re1 Bb7 12.d5 exd5 13.exd5 Na5 14.Ne5 Bf6 15.f4 Re8
16.Qc2 Qd6 17.c4 Rxe5 18.fxe5 Bxe5 19.Rb1 Ba6 20.Bf4 Bxf4 21.gxf4 Bxc4 22.Re4 Bxd5
23.Rd1 Bxe4 24.Bxe4 Qf8 25.Bxa8 Qxa8 26.Rd7 g6 27.Qe2 Qf8 28.Qe5 Nc6 29.Qd5 Nb4
30.Qe5 Nc6 31.Qe4 Nd4 32.Rxa7 Kg7 33.Qe5+ Kh6 34.Kf2 Qd8 35.Qe7 Qd5 36.Qf8+ Kh5
37.Qe7 Qf3+ 38.Ke1 Qxf4 39.Rd7 Qc1+ 40.Kf2 Qd2+ 41.Kf1 Qd3+ 42.Kg1 Qb1+ 43.Kf2 Qxa2+
44.Kf1 Qb1+ 45.Kf2 Qc2+ 46.Kf1 Qxh2 47.Rd5+ Kg4 48.Rg5+ Kf3 49.Qxf7+ Qf4
50.Rg2 Qxf7 51.Rf2+ Ke3 52.Rxf7 c4 53.Rxh7 c3 54.Rh3+ Nf3 55.Kg2 c2 56.Rxf3+ Kd2
57.Rf2+ Kc3 58.Rf1 Kb2 59.Rf6 c1=Q 60.Rxb6+ Ka3  0-1

[Event "Futurity"]
[Site "Chicago"]
[Date "1982.??.??"]
[Round "8"]
[White "Lindsay, Fred"]
[Black "Bass, Leonid"]
[Result "0-1"]
[WhiteElo "2245"]
[BlackElo "2405"]

1.c4 Nf6 2.Nc3 c5 3.Nf3 b6 4.d4 cxd4 5.Nxd4 Bb7 6.f3 e6 7.e4 d6 8.Be3 a6
9.Qd2 Nbd7 10.Qf2 Be7 11.Be2 O-O 12.O-O Qc7 13.Rfd1 Rfe8 14.b4 d5 15.exd5 Bxb4
16.dxe6 Bxc3 17.exd7 Rxe3 18.Qxe3 Bxa1 19.Rxa1 Qxd7 20.Rb1 Re8 21.Qf2 Qc7
22.Bf1 Bc8 23.Nb3 h6 24.a4 Be6 25.a5 bxa5 26.Qc5 Qf4 27.Qxa5 Bxc4 28.Qd2 Qxd2
29.Nxd2 Bxf1 30.Kxf1 g6 31.Rb6 Re6 32.Rb8+ Kg7 33.Ra8 h5 34.h4 Rc6 35.Ra7 Nd5
36.Ne4 Nc7 37.Kf2 f5 38.Ng5 Kf6 39.f4 Ke7 40.Nf3 Kd6 41.Rb7 Rc2+ 42.Kg3 a5
43.Ra7 Ra2 44.Ne5 a4 45.Kf3 Nb5 46.Ra6+ Kd5 47.Ra5 Kc5 48.Nxg6 Kb4 49.Ra8 Rc2
50.Ne7 a3 51.Nxf5 a2 52.Rxa2 Rxa2 53.Ng7 Ra3+ 54.Kf2 Kc4 55.Nxh5 Kd5  0-1

[Event "Politiken Cup"]
[Site "Copenhagen"]
[Date "1982.??.??"]
[Round "7"]
[White "Welin, Thomas"]
[Black "Rind, Bruce"]
[Result "1/2-1/2"]
[WhiteElo "2330"]
[BlackElo "2390"]

1.c4 c5 2.Nf3 Nf6 3.Nc3 e6 4.g3 b6 5.Bg2 Bb7 6.O-O a6 7.Re1 Be7 8.e4 d6 9.d4 cxd4
10.Nxd4 Qc7 11.b3 O-O 12.Bb2 Nbd7 13.f4 Rfd8 14.Kh1 Bf8 15.f5 Re8 16.fxe6 fxe6
17.Re3 Ne5 18.Bh3 Bc8 19.Qe2 Qf7 20.Rf1 Qg6 21.Nf3 Qh6 22.Nxe5 Qxh3 23.Rxf6 gxf6
24.Ng4 Bg7 25.Nd1 e5 26.Ndf2 Bxg4 27.Nxg4 Kh8 28.Rd3 Qh5 29.Qf3 f5 30.Qxf5 Qh3
31.Ne3 Qh6 32.Qf3  1/2-1/2

[Event "Politiken Cup"]
[Site "Copenhagen"]
[Date "1982.??.??"]
[Round "10"]
[White "Velikov, Petar"]
[Black "Welin, Thomas"]
[Result "1-0"]
[WhiteElo "2470"]
[BlackElo "2330"]

1.c4 Nf6 2.Nf3 c5 3.Nc3 e6 4.g3 b6 5.Bg2 Bb7 6.O-O Be7 7.d4 cxd4 8.Qxd4 d6
9.b3 Nbd7 10.e4 a6 11.Ba3 Nc5 12.Rad1 Qb8 13.Rfe1 O-O 14.e5 dxe5 15.Qxe5 Qa7
16.Qe2 Rfd8 17.Ne5 Bxg2 18.Kxg2 Nd3 19.Rxd3 Bxa3 20.Red1 Qc7 21.Qf3 Bb2 22.Rxd8+ Rxd8
23.Rxd8+ Qxd8 24.Nc6 Qc7 25.Na4 e5 26.Nb4 e4 27.Qd1 Ba3 28.Nd5 Nxd5 29.Qxd5 g6
30.Qxe4  1-0

[Event "Wch U20"]
[Site "Copenhagen"]
[Date "1982.??.??"]
[Round "11"]
[White "Murshed, Niaz"]
[Black "Sulava, Nenad"]
[Result "1/2-1/2"]
[WhiteElo "2410"]
[BlackElo "2305"]

1.Nf3 Nf6 2.c4 c5 3.Nc3 g6 4.d4 Bg7 5.d5 O-O 6.e4 d6 7.Be2 b5 8.cxb5 a6 9.O-O axb5
10.Bxb5 Ba6 11.Qe2 Qb6 12.a4 Nbd7 13.Nd2 Bxb5 14.Nxb5 Qa6 15.Nc4 Nb6 16.Nxb6 Qxb6
17.Bd2 Nd7 18.Bc3 Bxc3 19.bxc3 Ra5 20.f4 c4+ 21.Nd4 Nc5 22.Rab1 Qc7 23.Qxc4 Rxa4
24.Rb4 Rfa8 25.Rxa4 Rxa4 26.Qb5 Qd7 27.Qb8+ Kg7 28.f5 Qa7 29.Qxa7 Rxa7 30.Nc6 Ra3
31.e5 dxe5 32.fxg6 hxg6 33.Nxe5 f6 34.Nc6 Rxc3 35.Nxe7 Rd3 36.Rc1 Ne4 37.h4 Nc3
38.Kf2 Nxd5 39.Nxd5 Rxd5  1/2-1/2